A centennial history of the American Society of Mechanical Engineers, 1880-1980 /

Bibliographic Details
Main Author: Sinclair, Bruce
Other Authors: Hull, James P.
Format: Book
Language:English
Published: Toronto ; Buffalo : Published for the American Society of Mechanical Engineers by University of Toronto Press, 1980.
Subjects:

MARC

Tag First Indicator Second Indicator Subfields
LEADER 00000cam a2200000 i 4500
001 in00000640321
005 20151015055810.0
008 801016s1980 onca b 00110 eng
010 |a  80501784  
015 |a C80-94192-6 
020 |a 0802023800 :  |c $15.00 
035 |a (OCoLC)06918387 
035 |9 ACV2107AM 
040 |a DLC  |c DLC  |d TXA  |d UtOrBLW 
043 |a n-us--- 
049 |a TXAM  |c [950734] 
050 0 0 |a TJ1  |b .S55 
082 0 |a 621/.06/073  |2 19 
100 1 |a Sinclair, Bruce. 
245 1 2 |a A centennial history of the American Society of Mechanical Engineers, 1880-1980 /  |c Bruce Sinclair, with the assistance of James P. Hull. 
264 1 |a Toronto ;  |a Buffalo :  |b Published for the American Society of Mechanical Engineers by University of Toronto Press,  |c 1980. 
300 |a xii, 256 pages :  |b illustrations ;  |c 24 cm. 
336 |a text  |b txt  |2 rdacontent 
337 |a unmediated  |b n  |2 rdamedia 
338 |a volume  |b nc  |2 rdacarrier 
504 |a Includes bibliographical references and index. 
610 2 0 |a American Society of Mechanical Engineers  |x History. 
700 1 |a Hull, James P. 
999 |a MARS 
999 f f |s 0c5ef029-d287-30cf-a45c-bda2f1977e01  |i 361902b0-7e41-3589-bd23-04c2c1be19ad  |t 0 
952 f f |p ric  |a Texas A&M University  |b Rellis Campus  |c Joint Library Facility  |d Remote Storage  |t 0  |e TJ1 .S55  |h Library of Congress classification  |i unmediated -- volume  |m A14805419502 
998 f f |a TJ1 .S55  |t 0  |l Remote Storage